[Event "21st European Teams Women"]
[Site "Hersonissos GRE"]
[Date "2017.11.04"]
[Round "7.8"]
[Board "4"]
[White "Gara, Ticia"]
[Black "Paulet, Iozefina"]
[Result "1/2-1/2"]
[WhiteTitle "WGM"]
[BlackTitle "WGM"]
[WhiteElo "2317"]
[BlackElo "2281"]
[WhiteTeam "Hungary"]
[BlackTeam "Netherlands"]
[WhiteFideId "717444"]
[BlackFideId "1213261"]
[EventDate "2017.10.28"]

1. Nf3 Nf6 2. c4 c5 3. Nc3 b6 4. g3 Bb7 5. Bg2 g6 6. O-O Bg7 7. d4 cxd4 8. Nxd4
Bxg2 9. Kxg2 Nc6 10. Nxc6 dxc6 11. Qc2 O-O 12. Rd1 Qc8 13. Bf4 Nh5 14. Be3 f5
15. f3 Qe6 16. Qd3 Rad8 17. Qxd8 Rxd8 18. Rxd8+ Kf7 19. Bd4 Qxc4 20. Bxg7 Nxg7
21. Rad1 b5 22. R8d4 Qc5 23. a3 a5 24. Na2 Ne6 25. R4d2 Qb6 26. Nc1 Nc7 27. e4
fxe4 28. fxe4 Ne6 29. Rd3 Qc5 30. Rc3 Qe5 31. Re1 c5 32. Rf3+ Kg7 33. Nd3 Qd4
34. Re2 c4 35. Nf4 Nxf4+ 36. Rxf4 e5 37. Rf1 Qd3 38. Rff2 Kh6 39. Kg1 c3 40.
bxc3 Qxc3 41. Rb2 Qxa3 42. Rxb5 Qa4 43. Rb1 Qxe4 44. Ra1 Qb4 45. Rfa2 Qd4+ 46.
Kg2 Qe4+ 47. Kf2 Qf5+ 48. Kg1 Qf3 49. Rxa5 Qe3+ 50. Kg2 Qe2+ 51. Kg1 Qe3+ 52.
Kg2 Qe2+ 53. Kg1 Qe3+ 54. Kg2 Qe2+ 1/2-1/2

[Event "21st European Teams Women"]
[Site "Hersonissos GRE"]
[Date "2017.11.04"]
[Round "7.9"]
[Board "1"]
[White "Mammadzada, Gunay"]
[Black "Houska, Jovanka"]
[Result "1/2-1/2"]
[WhiteTitle "WGM"]
[BlackTitle "IM"]
[WhiteElo "2393"]
[BlackElo "2393"]
[WhiteTeam "Azerbaijan"]
[BlackTeam "England"]
[WhiteFideId "13403729"]
[BlackFideId "405094"]
[EventDate "2017.10.28"]

1. e4 c6 2. d4 d5 3. Nc3 dxe4 4. Nxe4 Nf6 5. Nxf6+ exf6 6. c3 Bd6 7. Bd3 O-O 8.
Qc2 Re8+ 9. Ne2 h5 10. Be3 Nd7 11. O-O Nf8 12. Rae1 Qc7 13. h3 Be6 14. c4 Qd7
15. Ng3 Rad8 16. f4 b5 17. b3 bxc4 18. bxc4 Bb4 19. Re2 h4 20. Ne4 f5 21. Ng5 g6
22. Nf3 Be7 23. Ne5 Qc7 24. Qa4 Bf6 25. Rc1 Bc8 26. c5 Be6 27. Rb1 Bd5 28. Reb2
Rb8 29. Qa6 Rxb2 30. Rxb2 Rb8 31. Qa3 Ne6 32. Rxb8+ Qxb8 33. Nd7 Qd8 34. Nxf6+
Qxf6 35. Qxa7 Kh7 36. Qa4 Qe7 37. Bf1 Qc7 38. Qc2 Nxf4 39. Qf2 Ne6 40. Qxh4+ Kg8
41. a3 Qa5 42. Bf4 Nxf4 43. Qxf4 Qxa3 44. h4 Qa1 45. Kf2 Be4 46. Qe3 Qd1 47. Bc4
Kg7 48. Be2 Qh1 49. Qg3 Qc1 50. Qe5+ Kg8 51. Qe8+ Kg7 52. Qe5+ Kh7 53. Qc7 Bd5
54. Qe5 Qc2 55. Kg3 Qc3+ 56. Bf3 Be4 57. Qf6 Kg8 58. Qe5 Qe1+ 59. Kh3 Qh1+ 60.
Kg3 Qe1+ 61. Kh3 Qe3 62. Kg3 Qc3 63. Kf4 Qc1+ 64. Kg3 Qe1+ 65. Kh3 Qc3 66. Kg3
Qe3 67. Kh3 Qc3 68. Kg3 Qe1+ 1/2-1/2

[Event "21st European Teams Women"]
[Site "Hersonissos GRE"]
[Date "2017.11.04"]
[Round "7.9"]
[Board "2"]
[White "Ciuksyte, Dagne"]
[Black "Mamedjarova, Zeinab"]
[Result "1-0"]
[WhiteTitle "IM"]
[BlackTitle "WGM"]
[WhiteElo "2318"]
[BlackElo "2298"]
[WhiteTeam "England"]
[BlackTeam "Azerbaijan"]
[WhiteFideId "12800619"]
[BlackFideId "13401521"]
[EventDate "2017.10.28"]

1. e4 e5 2. Nf3 d6 3. Bc4 c6 4. O-O Be7 5. Re1 Nf6 6. Bb3 O-O 7. c3 Nbd7 8. d4
Qc7 9. Nbd2 h6 10. Nf1 Re8 11. Ng3 Bf8 12. h3 a5 13. Nh4 Nb6 14. Nhf5 exd4 15.
Nxd4 d5 16. exd5 Rxe1+ 17. Qxe1 Nbxd5 18. Ne4 a4 19. Nxf6+ Nxf6 20. Bc4 Bd7 21.
Be3 Re8 22. Qd2 c5 23. Nb5 Qb6 24. Qd3 Re4 25. b3 Be6 26. Bxe6 Qxe6 27. c4 Qc8
28. Rd1 axb3 29. axb3 Re6 30. Nc3 Bd6 31. Nd5 Nxd5 32. cxd5 Re8 33. Qb5 Re7 34.
Qb6 Rd7 35. Rc1 Be7 36. Rd1 c4 37. bxc4 Qxc4 38. d6 Qa4 39. Rd4 Qa1+ 40. Kh2
Bxd6+ 41. g3 Qa3 42. Qb5 Re7 43. Ra4 Qc3 44. Ra8+ Kh7 45. Qb1+ g6 46. Qb6 Rd7
47. Qb5 Re7 48. Qb6 Rd7 49. Qb5 Re7 50. Qd5 Rd7 51. Kg1 Re7 52. Bd4 Qe1+ 53. Kg2
Be5 54. Qd8 Qe4+ 55. Kh2 Bxg3+ 56. Kxg3 Qd3+ 57. f3 1-0

[Event "21st European Teams Women"]
[Site "Hersonissos GRE"]
[Date "2017.11.04"]
[Round "7.9"]
[Board "3"]
[White "Fataliyeva, Ulviyya"]
[Black "Maroroa, Sue"]
[Result "1-0"]
[WhiteTitle "WIM"]
[BlackTitle "WIM"]
[WhiteElo "2348"]
[BlackElo "2077"]
[WhiteTeam "Azerbaijan"]
[BlackTeam "England"]
[WhiteFideId "13403052"]
[BlackFideId "4301498"]
[EventDate "2017.10.28"]

1. e4 e5 2. Nf3 Nc6 3. d4 exd4 4. Nxd4 Nf6 5. Nxc6 bxc6 6. Bd3 d5 7. e5 Ng4 8.
O-O Bc5 9. Bf4 g5 10. Bd2 Qe7 11. Bc3 Be6 12. Be2 h5 13. Bd4 Bb6 14. a4 Qb4 15.
c3 Qxb2 16. Ra3 Bf5 17. Bd3 Bxd3 18. Qxd3 Bxd4 19. cxd4 Rb8 20. Qf5 Qxd4 21. Rf3
Rf8 22. Qxg5 Qe4 23. Qc1 Kd7 24. Re1 Qg6 25. Rxf7+ Rxf7 26. e6+ Qxe6 27. Rxe6
Rxb1 28. Qxb1 Kxe6 29. Qb7 Kd6 30. f3 Ne5 31. Qxa7 c5 32. Qb8 d4 33. a5 d3 34.
Kf2 Re7 35. Qd8+ Nd7 36. Qg8 Re2+ 37. Kf1 Ne5 38. f4 Re4 39. fxe5+ Kxe5 40. Qd8
Rd4 41. Qxc7+ Kd5 42. Qf7+ Kc6 43. Qe8+ Kd5 44. Qxh5+ Kc4 45. Ke1 Kb4 46. Qe5
Rd7 47. a6 c4 48. a7 c3 49. Qb8+ 1-0

[Event "21st European Teams Women"]
[Site "Hersonissos GRE"]
[Date "2017.11.04"]
[Round "7.9"]
[Board "4"]
[White "Bhatia, Kanwal K"]
[Black "Mammadova, Gulnar"]
[Result "1/2-1/2"]
[WhiteTitle "WFM"]
[BlackTitle "IM"]
[WhiteElo "2080"]
[BlackElo "2385"]
[WhiteTeam "England"]
[BlackTeam "Azerbaijan"]
[WhiteFideId "407496"]
[BlackFideId "13403508"]
[EventDate "2017.10.28"]

1. e4 e6 2. d4 d5 3. Nd2 c5 4. Ngf3 a6 5. Be2 Nc6 6. c3 Nf6 7. e5 Nd7 8. O-O
cxd4 9. cxd4 f6 10. Re1 fxe5 11. Nxe5 Ndxe5 12. dxe5 Be7 13. Bd3 g6 14. Qg4 Qc7
15. Nf3 Nb4 16. Bb1 Qc4 17. Bxg6+ hxg6 18. Qxg6+ Kd7 19. Qg7 Re8 20. Be3 Nc2 21.
Rec1 Qd3 22. Bb6 Qb5 23. Rxc2 Qxb6 24. Rac1 a5 25. Ng5 a4 26. Qf7 Rh8 27. Rc7+
Qxc7 28. Rxc7+ Kxc7 29. Qxe7+ Kb8 30. Nf7 Rh7 31. g4 Ra6 32. g5 d4 33. Kf1 d3
34. Ke1 Rc6 35. Qf6 Rxh2 36. Kd2 Rc2+ 37. Kxd3 Rhxf2 38. Qg6 b6 39. Nd6 Ba6+ 40.
Ke3 Rce2+ 41. Kd4 Rf4+ 42. Kc3 Rxe5 43. Qe8+ Kc7 44. Qe7+ Kc6 45. Qe8+ Kxd6 46.
Qb8+ Kd5 47. Qa8+ Kc5 48. Qxa6 Rf3+ 49. Kc2 Rf2+ 50. Kd3 Rf3+ 51. Kc2 Rf2+ 52.
Kd3 Rf3+ 1/2-1/2

[Event "21st European Teams Women"]
[Site "Hersonissos GRE"]
[Date "2017.11.04"]
[Round "7.10"]
[Board "1"]
[White "Unuk, Laura"]
[Black "Georgescu, Lena"]
[Result "1/2-1/2"]
[WhiteTitle "WIM"]
[BlackTitle "WFM"]
[WhiteElo "2363"]
[BlackElo "2130"]
[WhiteTeam "Slovenia"]
[BlackTeam "Switzerland"]
[WhiteFideId "14609215"]
[BlackFideId "1331973"]
[EventDate "2017.10.28"]

1. d4 Nf6 2. Nf3 g6 3. c4 Bg7 4. g3 O-O 5. Bg2 d6 6. O-O Nbd7 7. Nc3 e5 8. e4
exd4 9. Nxd4 Re8 10. h3 Nc5 11. Re1 Bd7 12. Kh2 a5 13. Qc2 Nfxe4 14. Nxe4 Bxd4
15. Bg5 f6 16. Bh6 Bc6 17. Rad1 Bxe4 18. Rxe4 Nxe4 19. Rxd4 f5 20. Be3 Qf6 21.
c5 dxc5 22. Rd7 Re7 23. Qb3+ Kg7 24. Rxe7+ Qxe7 25. Qxb7 Rd8 26. Qa7 Rd7 27.
Qxa5 Qe5 28. Qb5 Rf7 29. Qe2 Rd7 30. Bf4 Qd4 31. f3 Nf6 32. Be5 Qd3 33. Qf2 Kf7
34. g4 g5 35. Qxc5 Nd5 36. Qc6 Nf4 37. Qf6+ Ke8 38. Qh8+ Ke7 39. Qf6+ Ke8 40.
Qh8+ Ke7 41. Bf6+ Kd6 42. Bxg5 Nxg2 43. Kxg2 Qe2+ 44. Kg3 Qe1+ 45. Kg2 Qe2+ 46.
Kg3 1/2-1/2

[Event "21st European Teams Women"]
[Site "Hersonissos GRE"]
[Date "2017.11.04"]
[Round "7.10"]
[Board "2"]
[White "Heinatz, Gundula"]
[Black "Krivec, Jana"]
[Result "1/2-1/2"]
[WhiteTitle "WIM"]
[BlackTitle "WGM"]
[WhiteElo "2174"]
[BlackElo "2270"]
[WhiteTeam "Switzerland"]
[BlackTeam "Slovenia"]
[WhiteFideId "4612434"]
[BlackFideId "14601982"]
[EventDate "2017.10.28"]

1. d4 d6 2. Nf3 f5 3. g3 Nf6 4. b3 g6 5. Bb2 Bg7 6. Bg2 O-O 7. O-O Ne4 8. c4 Nc6
9. Nbd2 Nxd2 10. Qxd2 e5 11. dxe5 dxe5 12. Rad1 Qxd2 13. Rxd2 a5 14. Ne1 e4 15.
Bxg7 Kxg7 16. Nc2 a4 17. f3 axb3 18. axb3 exf3 19. Bxf3 Ne5 20. Bg2 Ra2 21. Rfd1
c6 22. Nd4 Rxd2 23. Rxd2 Kf6 24. Nf3 Nf7 25. Kf2 c5 26. Ne1 Rd8 27. Ra2 b6 28.
Ra8 Be6 29. Ra6 Rb8 30. Nd3 g5 31. Nb2 Bc8 32. Ra7 b5 33. Bd5 Ne5 34. Rxh7 bxc4
35. Nxc4 Ng4+ 36. Kg2 Rxb3 37. Rf7+ Kg6 38. Rc7 Rb8 39. h3 Nf6 40. Ne5+ Kh6 41.
Rc6 Kg7 42. Rc7+ Kh6 43. Rc6 Kg7 1/2-1/2

[Event "21st European Teams Women"]
[Site "Hersonissos GRE"]
[Date "2017.11.04"]
[Round "7.10"]
[Board "3"]
[White "Janzelj, Lara"]
[Black "De Seroux, Camille"]
[Result "0-1"]
[WhiteTitle "WFM"]
[BlackTitle "WFM"]
[WhiteElo "2192"]
[BlackElo "2163"]
[WhiteTeam "Slovenia"]
[BlackTeam "Switzerland"]
[WhiteFideId "14608391"]
[BlackFideId "1305620"]
[EventDate "2017.10.28"]

1. d4 Nf6 2. c4 e6 3. Nf3 Bb4+ 4. Nbd2 b6 5. a3 Bxd2+ 6. Qxd2 Bb7 7. e3 a5 8.
Be2 a4 9. O-O O-O 10. Qc2 d6 11. b4 axb3 12. Qxb3 Nbd7 13. Rd1 Bc6 14. Qb1 Ra7
15. Bb2 Qa8 16. Ne1 e5 17. Qf5 Re8 18. Bf3 Ra4 19. Rac1 Ra5 20. Bxc6 Qxc6 21. d5
Qb7 22. Nc2 Nc5 23. f4 Nfd7 24. Bc3 Ra4 25. Nb4 Rxa3 26. Rf1 f6 27. Rf3 Nf8 28.
fxe5 dxe5 29. Rg3 Ng6 30. Nc6 Qa8 31. Bb2 Ra2 32. Bc3 Qa3 33. Qb1 Ne4 34. Bb4
Qb2 35. Qxb2 Rxb2 36. Rg4 f5 37. Rxe4 fxe4 38. g3 Ra8 39. Bc3 Re2 40. Nxe5 Raa2
41. Nxg6 hxg6 42. Be5 Rg2+ 43. Kh1 Rxh2+ 44. Kg1 Rhg2+ 45. Kh1 Rgc2 46. Rxc2
Rxc2 47. Bxc7 Rxc4 48. Bxb6 Kf7 49. Kg2 Ke7 50. Kh3 Kd6 51. Kg4 Kxd5 52. Kg5 Kc6
53. Bd8 Rc3 54. Kf4 Kd5 55. Bb6 Rc1 56. Bd4 Rf1+ 57. Kg5 Rg1 58. Kg4 Kc4 59.
Bxg7 Kd3 60. Bd4 Rf1 61. Kg5 Rf3 62. g4 Rxe3 63. Be5 Re1 64. Kxg6 e3 65. g5 e2
66. Bg3 Rg1 67. Bf2 Rf1 68. Bg3 Ke4 69. Kh6 Kf5 70. g6 Rg1 0-1

[Event "21st European Teams Women"]
[Site "Hersonissos GRE"]
[Date "2017.11.04"]
[Round "7.10"]
[Board "4"]
[White "Stoeri, Laura"]
[Black "Vidic, Teja"]
[Result "0-1"]
[WhiteTitle "WFM"]
[BlackTitle "WFM"]
[WhiteElo "2150"]
[BlackElo "2159"]
[WhiteTeam "Switzerland"]
[BlackTeam "Slovenia"]
[WhiteFideId "1304313"]
[BlackFideId "14605511"]
[EventDate "2017.10.28"]

1. e4 e5 2. Nf3 Nc6 3. Nc3 Nf6 4. Bb5 Nd4 5. Bc4 d6 6. Nxd4 exd4 7. Nd5 c6 8.
Nxf6+ Qxf6 9. d3 Be7 10. Bd2 Be6 11. Bb3 O-O 12. Qe2 a5 13. c3 Bxb3 14. axb3 Qe6
15. c4 b6 16. O-O c5 17. Rae1 Rae8 18. Qh5 f5 19. f4 Qg6 20. Qh3 fxe4 21. Rxe4
Bd8 22. Rfe1 Rxe4 23. Rxe4 Qf5 24. g4 Qd7 25. Qh5 Qf7 26. Qxf7+ Kxf7 27. Kf2 Be7
28. Kf3 Rb8 29. Re2 b5 30. Be1 bxc4 31. bxc4 a4 32. Ke4 Ke6 33. f5+ Kd7 34. h4
Bf6 35. g5 Be5 36. Bf2 h6 37. Kf3 Rf8 38. Ke4 hxg5 39. hxg5 Rh8 40. Be1 Rh5 41.
Rg2 Rh3 42. Bf2 Kc6 43. Rg1 Rh2 44. Kf3 d5 45. Re1 Bd6 46. Re6 Rh3+ 47. Ke2 dxc4
48. dxc4 Rb3 49. Kd1 Kd7 50. Rg6 Be5 51. Re6 Rxb2 52. Rxe5 Rxf2 53. f6 gxf6 54.
gxf6 a3 55. Re7+ Kd6 56. Ra7 Rxf6 57. Rxa3 Rf2 58. Ra8 Rb2 59. Rd8+ Kc7 60. Rd5
Kb6 61. Rd8 Ka5 62. Kc1 Rb4 63. Ra8+ Kb6 64. Rb8+ Kc6 65. Rc8+ Kd6 66. Rd8+ Kc7
67. Rh8 Rxc4+ 68. Kd2 Kc6 69. Rb8 Rc3 70. Rb2 Kd5 71. Rb8 Kc4 72. Rh8 Rg3 73.
Rh5 Rg2+ 74. Kc1 Kb4 0-1

[Event "21st European Teams Women"]
[Site "Hersonissos GRE"]
[Date "2017.11.04"]
[Round "7.11"]
[Board "1"]
[White "Newrkla, Katharina"]
[Black "Golubenko, Valentina"]
[Result "1/2-1/2"]
[WhiteTitle "WIM"]
[BlackTitle "WGM"]
[WhiteElo "2170"]
[BlackElo "2291"]
[WhiteTeam "Austria"]
[BlackTeam "Croatia"]
[WhiteFideId "1621629"]
[BlackFideId "4501993"]
[EventDate "2017.10.28"]

1. e4 e6 2. d4 d5 3. Nd2 h6 4. Ngf3 Nf6 5. e5 Ne4 6. Bd3 Nxd2 7. Bxd2 c5 8. c3
Nc6 9. O-O Qb6 10. dxc5 Bxc5 11. b4 Be7 12. Qe2 Bd7 13. a4 g5 14. a5 Qc7 15. a6
b6 16. Rfe1 f6 17. exf6 Bxf6 18. Rac1 Qd6 19. Bg6+ Kf8 20. Nd4 Ne5 21. Bd3 Nxd3
22. Qxd3 e5 23. Nf5 Qc6 24. Ne3 Be6 25. c4 dxc4 26. Nxc4 e4 27. Qd6+ Qxd6 28.
Nxd6 Rd8 29. Nxe4 Bb2 30. Rc2 Be5 31. Bc3 Bxc3 32. Rxc3 Rh7 33. f3 Rc8 34. Rec1
Rxc3 35. Rxc3 Rd7 36. Rc8+ Kg7 37. Rb8 Kg6 38. Rb7 Kf5 39. Nc3 Kf4 40. Kf2 Rd2+
41. Ne2+ Ke5 42. Ke3 Ra2 43. Rxa7 Bc4 44. Nc3 Rc2 45. Re7+ Kd6 46. a7 Rxc3+ 47.
Kd4 Bd5 48. Re8 Rc4+ 49. Kd3 Rxb4 50. Rd8+ Kc7 51. Rxd5 Ra4 52. Rf5 Rxa7 53.
Rf7+ Kb8 54. Rf6 Ra2 55. Rxb6+ Kc7 56. Rxh6 Rxg2 57. Ke4 Kd7 58. Kf5 Ke7 59. h4
gxh4 60. Rxh4 Kf7 61. Rh7+ Kg8 62. Ra7 Rb2 63. f4 Rb6 64. Re7 Kf8 65. Re6 Rb4
66. Ra6 Kf7 67. Ra7+ Kf8 68. Rd7 Rb5+ 69. Ke6 Rb6+ 70. Ke5 Rb5+ 71. Kf6 Rb6+ 72.
Kg5 Rb5+ 73. f5 Rb6 74. Ra7 Rc6 75. Ra8+ Kf7 76. Ra7+ Kf8 77. f6 Rc1 1/2-1/2

[Event "21st European Teams Women"]
[Site "Hersonissos GRE"]
[Date "2017.11.04"]
[Round "7.11"]
[Board "2"]
[White "Franciskovic, Borka"]
[Black "Exler, Veronika"]
[Result "1/2-1/2"]
[WhiteTitle "WIM"]
[BlackTitle "WIM"]
[WhiteElo "2242"]
[BlackElo "2118"]
[WhiteTeam "Croatia"]
[BlackTeam "Austria"]
[WhiteFideId "14507943"]
[BlackFideId "1620550"]
[EventDate "2017.10.28"]

1. c4 e6 2. g3 d5 3. Nf3 Nf6 4. Bg2 Be7 5. O-O O-O 6. d4 c6 7. Qc2 b6 8. b3 a5
9. Rd1 Nbd7 10. Bb2 Bb7 11. Nc3 Qb8 12. e4 Rc8 13. Rac1 Ba6 14. Ne5 Bb7 15. Nxd7
Nxd7 16. exd5 cxd5 17. cxd5 exd5 18. Qf5 Nf6 19. Nxd5 Nxd5 20. Bxd5 Bxd5 21.
Qxd5 Rd8 22. Qb5 Qb7 23. d5 Rab8 24. Be5 Bd6 25. Bxd6 Rxd6 26. Rc6 Qd7 27. Qc4
Rd8 28. Rxd6 Qxd6 29. Kg2 h6 30. Rd3 Qe5 31. a3 Rd6 32. b4 axb4 33. axb4 Kh7 34.
Rd2 Kg8 35. Qd4 Qf5 36. f3 Qg5 37. h4 Qf5 38. Qe4 Qd7 39. Qe5 Kf8 40. g4 Qe7 41.
f4 Rd8 42. Qxe7+ Kxe7 43. Kf3 Kd6 44. Rc2 Re8 45. Rc6+ Kxd5 46. Rxb6 Re7 47. f5
Rc7 48. Rb5+ Kd6 49. h5 Rc3+ 50. Kf4 Rc4+ 51. Kg3 Rc3+ 52. Kh4 Rc7 53. Ra5 Rb7
54. b5 f6 55. Ra8 Kc5 56. Rc8+ Kxb5 57. Kg3 Re7 58. Kf3 Kb6 59. Kf4 Kb5 60. Kg3
Re3+ 61. Kf4 Re7 62. Kf3 Kb6 63. Rg8 Kc5 64. Rd8 Kc6 1/2-1/2

[Event "21st European Teams Women"]
[Site "Hersonissos GRE"]
[Date "2017.11.04"]
[Round "7.11"]
[Board "3"]
[White "Schnegg, Anna-Lena"]
[Black "Purgar, Ivona"]
[Result "1/2-1/2"]
[WhiteTitle "WFM"]
[BlackTitle "WFM"]
[WhiteElo "2114"]
[BlackElo "2200"]
[WhiteTeam "Austria"]
[BlackTeam "Croatia"]
[WhiteFideId "1625268"]
[BlackFideId "14514451"]
[EventDate "2017.10.28"]

1. e4 c5 2. Nf3 e6 3. c4 Nc6 4. Nc3 Qc7 5. Be2 a6 6. O-O Bd6 7. Kh1 Nge7 8. d4
cxd4 9. Nxd4 Nxd4 10. Qxd4 O-O 11. Be3 Ng6 12. c5 Be5 13. Qd2 Nf4 14. Bd1 Rd8
15. g3 Ng6 16. f4 Bxc3 17. Qxc3 d6 18. f5 exf5 19. Bg5 Re8 20. exf5 Ne5 21. cxd6
Qxd6 22. Bc2 Qd5+ 23. Kg1 Bd7 24. Rad1 Qb5 25. Be4 Rac8 26. Qd2 Bc6 27. Bxc6
Qxc6 28. Qd5 Qb6+ 29. Qd4 Qc6 30. Qd5 Qb6+ 31. Qd4 Qc6 1/2-1/2

[Event "21st European Teams Women"]
[Site "Hersonissos GRE"]
[Date "2017.11.04"]
[Round "7.11"]
[Board "4"]
[White "Cvitan, Ena"]
[Black "Novkovic, Julia"]
[Result "0-1"]
[WhiteTitle "FM"]
[BlackTitle "WFM"]
[WhiteElo "2165"]
[BlackElo "2111"]
[WhiteTeam "Croatia"]
[BlackTeam "Austria"]
[WhiteFideId "14534215"]
[BlackFideId "12000086"]
[EventDate "2017.10.28"]

1. d4 Nf6 2. c4 g6 3. Nc3 Bg7 4. e4 d6 5. Nf3 O-O 6. Be2 e5 7. O-O Nc6 8. dxe5
dxe5 9. Bg5 Qxd1 10. Rfxd1 h6 11. Be3 Bg4 12. h3 Bxf3 13. Bxf3 Rfd8 14. Nd5 Ne8
15. b4 Bf8 16. c5 Nd4 17. Bxd4 exd4 18. Rac1 c6 19. Nf4 Nc7 20. Be2 h5 21. Bc4
Bh6 22. g3 a5 23. Rb1 Bxf4 24. gxf4 Na6 25. a3 axb4 26. axb4 Nc7 27. Rd3 Kf8 28.
Kh2 Ra4 29. f5 gxf5 30. Rf3 d3 31. Rxf5 Rd7 32. Rd1 d2 33. e5 Ke8 34. Rxh5 Rxb4
35. Ba2 Rbd4 36. Rh8+ Ke7 37. Rh7 Nd5 38. f4 Kd8 39. Bxd5 R4xd5 40. Rg7 Rxc5 41.
Rg2 Rcd5 42. h4 Ke7 43. h5 Rd8 44. h6 Rh8 45. Rgxd2 Rxd2+ 46. Rxd2 Rxh6+ 47. Kg3
c5 48. f5 Rc6 49. Kf4 Rc7 50. f6+ Ke8 51. Kf5 c4 52. Rh2 c3 53. Rh8+ Kd7 54. Rh7
c2 55. e6+ Kc6 56. Rh1 fxe6+ 57. Kxe6 Kc5 58. f7 Rxf7 59. Kxf7 Kd4 60. Ke6 b5
61. Rh4+ Kc3 62. Rh3+ Kb2 63. Rh2 Kb1 64. Rh1+ Ka2 65. Rh2 Kb3 66. Rh3+ Kc4 67.
Rh4+ Kd3 68. Rh3+ Kc4 69. Rh4+ Kc5 70. Rh5+ Kc6 71. Rh8 Kb7 72. Rh1 b4 73. Rh4
c1=Q 74. Rxb4+ Kc6 75. Rg4 Qe3+ 76. Kf6 Kd6 77. Rg6 Qf4+ 78. Kg7+ Ke7 79. Rg2
Qe5+ 80. Kh6 Qe3+ 81. Kg7 Qc3+ 82. Kg8 Qc8+ 83. Kg7 Qf8+ 84. Kh7 Qf5+ 85. Kg7
Qe5+ 86. Kh6 Qh8+ 0-1

[Event "21st European Teams Women"]
[Site "Hersonissos GRE"]
[Date "2017.11.04"]
[Round "7.12"]
[Board "1"]
[White "Shvayger, Yuliya"]
[Black "Machlik, Monika"]
[Result "1-0"]
[WhiteTitle "WGM"]
[WhiteElo "2442"]
[BlackElo "2037"]
[WhiteTeam "Israel"]
[BlackTeam "Norway"]
[WhiteFideId "14100126"]
[BlackFideId "1513621"]
[EventDate "2017.10.28"]

1. e4 c6 2. Nc3 d5 3. Nf3 Bg4 4. h3 Bxf3 5. Qxf3 e6 6. d3 Nd7 7. Bd2 Bc5 8.
O-O-O Ne7 9. h4 O-O 10. h5 a5 11. Qg3 Kh8 12. h6 g6 13. Bf4 a4 14. d4 Bb4 15.
Bc7 Qc8 16. Bd6 Bxd6 17. Qxd6 Qd8 18. a3 Nc8 19. Qg3 b5 20. exd5 exd5 21. Na2
Qf6 22. Nb4 Ne7 23. Be2 Nb6 24. Rhe1 Rfe8 25. Qc7 Nc4 26. Bxc4 dxc4 27. Qe5 Qxe5
28. Rxe5 Kg8 29. d5 cxd5 30. Nxd5 Nxd5 31. Rxe8+ Rxe8 32. Rxd5 Kf8 33. Kd2 Re4
34. g3 f5 35. f3 Re6 36. Rxb5 Rd6+ 37. Ke3 Re6+ 38. Kf4 c3 39. bxc3 Rc6 40. Rb4
Rxc3 41. Rxa4 Rxc2 42. Ra7 Kg8 43. a4 Rc3 44. a5 Kf8 45. Rxh7 g5+ 46. Kxg5 Rxf3
47. Kf6 Kg8 48. Rg7+ Kh8 49. Ra7 Rxg3 50. Kxf5 Ra3 51. Ke6 Rh3 52. Kd7 Rxh6 53.
Rb7 Rh1 54. a6 Ra1 55. a7 Kg7 56. Kc8+ Kf8 57. Kb8 1-0

[Event "21st European Teams Women"]
[Site "Hersonissos GRE"]
[Date "2017.11.04"]
[Round "7.12"]
[Board "2"]
[White "Machlik, Edit"]
[Black "Efroimski, Marsel"]
[Result "0-1"]
[BlackTitle "WGM"]
[WhiteElo "2030"]
[BlackElo "2329"]
[WhiteTeam "Norway"]
[BlackTeam "Israel"]
[WhiteFideId "1513591"]
[BlackFideId "2810964"]
[EventDate "2017.10.28"]

1. d4 e6 2. c4 b6 3. e4 Bb7 4. Bd3 Bb4+ 5. Kf1 Be7 6. Nc3 d6 7. Nf3 Nd7 8. Be3
Bf6 9. Rc1 Ne7 10. g3 O-O 11. Kg2 a6 12. Qc2 c5 13. d5 Ne5 14. Nxe5 Bxe5 15.
Rhe1 b5 16. b3 f5 17. f3 f4 18. Bf2 b4 19. Ne2 Ng6 20. Qd2 h5 21. Rf1 Qf6 22.
Bg1 Rf7 23. Rc2 Raf8 24. a4 Bc8 25. Rcc1 Qe7 26. Bb1 Qd7 27. Qd3 exd5 28. exd5
Qh3+ 29. Kh1 Bf5 0-1

[Event "21st European Teams Women"]
[Site "Hersonissos GRE"]
[Date "2017.11.04"]
[Round "7.12"]
[Board "3"]
[White "Klinova, Masha"]
[Black "Kyrkjebo, Hanna B."]
[Result "1/2-1/2"]
[WhiteTitle "IM"]
[WhiteElo "2289"]
[BlackElo "1996"]
[WhiteTeam "Israel"]
[BlackTeam "Norway"]
[WhiteFideId "2802015"]
[BlackFideId "1511599"]
[EventDate "2017.10.28"]

1. e4 e5 2. Nf3 Nc6 3. Bc4 Bc5 4. d3 Nf6 5. O-O d6 6. c3 a6 7. a4 O-O 8. Na3 h6
9. Nc2 Ba7 10. Be3 Bxe3 11. Nxe3 Ne7 12. Qc2 Ng6 13. d4 Re8 14. dxe5 dxe5 15.
Rad1 Qe7 16. Rfe1 Be6 17. Bxe6 Qxe6 18. Nd5 Nxd5 19. exd5 Qd6 20. a5 Rad8 21. b4
Qf6 22. c4 c6 23. Qe4 cxd5 24. Rxd5 Rxd5 25. cxd5 Qd6 26. g3 Rd8 27. Rd1 b6 28.
h4 bxa5 29. bxa5 Re8 30. h5 Nf8 31. Rc1 Qa3 32. Rd1 Qxa5 33. d6 Nd7 34. Qc6 Qb5
35. Qxb5 axb5 36. Rd5 Re6 37. Rxb5 e4 38. Nd2 Rxd6 39. Nxe4 Re6 40. f3 Nf6 41.
Nxf6+ Rxf6 1/2-1/2

[Event "21st European Teams Women"]
[Site "Hersonissos GRE"]
[Date "2017.11.04"]
[Round "7.12"]
[Board "4"]
[White "Rodsmoen, Maud"]
[Black "Lahav, Michal"]
[Result "1/2-1/2"]
[WhiteTitle "WFM"]
[BlackTitle "WFM"]
[WhiteElo "1972"]
[BlackElo "2213"]
[WhiteTeam "Norway"]
[BlackTeam "Israel"]
[WhiteFideId "1510550"]
[BlackFideId "2813742"]
[EventDate "2017.10.28"]

1. e4 e6 2. d4 d5 3. Nc3 Nf6 4. Bg5 Bb4 5. e5 h6 6. exf6 hxg5 7. fxg7 Rg8 8. a3
Bxc3+ 9. bxc3 c5 10. Nf3 c4 11. h4 gxh4 12. Rxh4 Qf6 13. Qd2 Nc6 14. Qh6 Qxh6
15. Rxh6 Rxg7 16. Rh8+ Ke7 17. g3 Nd8 18. Bg2 f6 19. O-O-O Nf7 20. Rh5 Bd7 21.
Rdh1 Rag8 22. Kb2 Nd6 23. Nd2 Nf7 24. Nf3 Rc8 25. Re1 Kf8 26. Bh3 Rc6 27. Ka2
Rb6 28. Rh4 Ke7 29. Rh5 Kf8 30. Re2 Kg8 31. Rh4 Rg6 32. Re1 Rg7 33. Rb1 Rxb1 34.
Kxb1 Kf8 35. Bg2 Ke7 36. Rh1 Rg8 37. Re1 Rc8 38. Nh4 Kf8 39. Ng6+ Kg7 40. Nf4
Ng5 41. Bxd5 Kf7 42. Bg2 Rh8 43. Rh1 Rc8 44. Kc1 Rc7 45. Nh3 Nxh3 46. Rxh3 Kg7
47. Be4 f5 48. Bf3 Bc6 49. Be2 Bd5 50. Rh4 Rf7 51. Rf4 Kg6 52. Bf3 Bxf3 53. Rxf3
Rh7 54. Re3 Kf6 55. Re1 Rh2 56. Rf1 b6 57. Kd2 Rh7 58. Ke3 Kg5 59. Kf3 Kf6 60.
Rb1 e5 61. dxe5+ Kxe5 62. Rb5+ Ke6 63. a4 Rh1 64. Rb4 Kd5 65. Rb5+ Ke6 66. Ke3
Re1+ 67. Kd2 Rf1 68. Ke2 Ra1 69. Rb4 Kd5 70. Rb5+ Ke6 71. Rb4 Kd5 72. Rb5+ 1/2-1/2

[Event "21st European Teams Women"]
[Site "Hersonissos GRE"]
[Date "2017.11.04"]
[Round "7.13"]
[Board "1"]
[White "Paehtz, Elisabeth"]
[Black "Makka, Ioulia"]
[Result "1-0"]
[WhiteTitle "IM"]
[BlackTitle "WIM"]
[WhiteElo "2453"]
[BlackElo "2182"]
[WhiteTeam "Germany"]
[BlackTeam "Greece 2"]
[WhiteFideId "4641833"]
[BlackFideId "4205316"]
[EventDate "2017.10.28"]

1. d4 Nf6 2. c4 e6 3. Nf3 b6 4. a3 Ba6 5. Qc2 Bb7 6. Nc3 c5 7. e4 cxd4 8. Nxd4
Bc5 9. Nf3 Nc6 10. b4 Nd4 11. Qd2 Nxf3+ 12. gxf3 Be7 13. Bb2 a6 14. Rg1 Nh5 15.
f4 Qc7 16. e5 f5 17. Be2 g6 18. Nd5 Qd8 19. Bxh5 exd5 20. Bf3 Rf8 21. cxd5 d6
22. Rc1 Rc8 23. Ke2 Rxc1 24. Rxc1 g5 25. Bh5+ 1-0